01199nab a2200241uuc4500001000800000005001700008008004100025035001200066035002100078040001300099041000800112100005800120245016600178520032800344650002800672650003200700650002600732700005600758700003800814773007600852942001000928999001900938106664320240913093721.0080208s2007 spa  a1066643 a(OCoLC)820387160 ccomduadb aspa10aPerales Escudero, Moisés Damián4auteaut945396613aLa problemática de la lecto-escritura en el estado de Tabasco: sugerencias para un programa de investigación y planeación desde la lingüística aplicada3 aTiene por objetivo este artículo bosquejar un programa de investigación y de acción pedagógica basado en los paradigmas y resultados de investigación de la lingüística aplicada a fin de contribuir a la mejoría de los estándares de lectoescritura en los diferentes niveles educativos del Estado de Tabasco. 0aAlfabetización932118 aCompetencia lectora9131281 aLectoescritura93213310aGarza Púlido, María Guadalupe4auteaut944913710aCortes, Viviana4auteaut95816490 tPerspectivas DocentesgNo. 35, 2007, p. 5-11w971995x0188-33130377722 cARIMP c448246d448246